MARC

LEADER 00000nam0a2200000 4500
001 159140
005 20231101222104.0
020 |a RU  |b 86-72805 
035 |a (RuTPU)RU\TPU\book\172589 
090 |a 159140 
100 |a 20090505d1986 k a0rusy5003 ca 
101 0 |a rus 
102 |a UA 
105 |a a z 001zy 
200 1 |a Волновые задачи рассеяния звука на упругих оболочках  |f В. Т. Гринченко, И. В. Вовк 
210 |a Киев  |c Наук. думка  |d 1986 
215 |a 237,[3] с.  |c ил.  |d 22 см 
320 |a Библиогр.: с. 231-238. (216 назв.) 
606 1 |a Звуковые волны  |x Рассеяние  |2 stltpush  |3 (RuTPU)RU\TPU\subj\11513  |9 38439 
610 1 |a задачи 
610 1 |a звук 
610 1 |a излучение 
610 1 |a рассеяние 
610 1 |a цилиндрические тела 
610 1 |a сферические тела 
610 1 |a упругие элементы 
610 1 |a решетки 
610 1 |a акустические свойства 
610 1 |a дифракция 
675 |a 534.2  |v 3 
700 1 |a Гринченко  |b В. Т.  |g Виктор Тимофеевич  |4 070 
701 1 |a Вовк  |b И. В.  |g Игорь Владимирович  |4 070 
801 0 |a RU  |b RuMRKP  |c 19950704  |g psbo 
801 1 |a RU  |b 63413507  |c 20090505  |g PSBO 
801 2 |a RU  |b 63413507  |c 20180117  |g PSBO 
942 |c BK